[Event "IECC M email"]
[Site "IECC email"]
[Date "2000.04.06"]
[Round "?"]
[White "Del Castillo, Diego"]
[Black "Cashon, John J"]
[Result "0-1"]
[WhiteElo "1790"]
[BlackElo "1932"]
[PlyCount "76"]
[EventDate "2000.??.??"]
[EventType "tourn (corr)"]
[EventRounds "2"]
[SourceTitle "Corr 2008"]
[Source "ChessBase"]
[SourceDate "2008.06.24"]
[SourceVersion "1"]
[SourceVersionDate "2008.06.24"]
[SourceQuality "1"]

1. e4 c5 2. Nf3 d6 3. d4 cxd4 4. Nxd4 Nf6 5. Nc3 a6 6. Bc4 e6 7. Bb3 b5 8. 0-0 Bb7 9. Re1 Nbd7 10. Bg5 Rc8 11. a4 b4 12. Nd5 exd5 13. exd5+ Be7 14. Nf5 Ne5 15. Nxe7 Qxe7 16. f4 0-0 17. fxe5 dxe5 18. d6 Qd8 19. Kh1 h6 20. Bxf6 Qxf6 21. Qd2 Rfd8 22. Qxb4 Rb8 23. Qc3 Rxd6 24. Rxe5 Qf2 25. Qg3 Qxg3 26. hxg3 Rd2 27. Rg1 Kf8 28. Kh2 Rbd8 29. g4 g6 30. g5 h5 31. Kh3 Rf2 32. Kg3 Rdd2 33. Re3 Rxg2+ 34. Rxg2 Rxg2+ 35. Kf4 Rg4+ 36. Ke5 Rxg5+ 37. Kd6 h4 38. Bc4 Bg2 0-1